कहीं हो ना डाकू भाई (Record no. 11554)

MARC details
000 -LEADER
fixed length control field 01100 a2200217 4500
005 - DATE AND TIME OF LATEST TRANSACTION
control field 20080825162840.0
008 - FIXED-LENGTH DATA ELEMENTS--GENERAL INFORMATION
fixed length control field 080825t xxu||||| |||| 00| 0 hin d
010 ## - LIBRARY OF CONGRESS CONTROL NUMBER
LC control number HIN-83048
020 ## - INTERNATIONAL STANDARD BOOK NUMBER
International Standard Book Number 8177142747
Terms of availability 200.00
035 ## - SYSTEM CONTROL NUMBER
System control number HN--55394
037 ## - SOURCE OF ACQUISITION
Source of stock number/acquisition पु.प्र.अ.प्र/प्रका
082 ## - DEWEY DECIMAL CLASSIFICATION NUMBER
Classification number 821
100 ## - MAIN ENTRY--PERSONAL NAME
Personal name तोमर, अजीत सिंह 'बजरंगी'
245 ## - TITLE STATEMENT
Title कहीं हो ना डाकू भाई
Statement of responsibility, etc अजीत सिंह तोमर 'बजरंगी'
246 ## - VARYING FORM OF TITLE
Title proper/short title Kanhi ho na daku bhai
Remainder of title Ajit singh tomar ' banjrangi'
260 ## - PUBLICATION, DISTRIBUTION, ETC. (IMPRINT)
Place of publication, distribution, etc नई दिल्ली
Name of publisher, distributor, etc प्रकाशन संस्थान
Date of publication, distribution, etc 2007
270 ## - ADDRESS
Address 4715/21, दयानन्द मार्ग, दरियागंज
City नई दिल्ली
Postal code 110002
300 ## - PHYSICAL DESCRIPTION
Extent xix, 204पृ
Dimensions 22 सेमी (सजिल्द)
942 ## - ADDED ENTRY ELEMENTS (KOHA)
Institution code [OBSOLETE] dpl
Koha item type Hindi Books
Call number prefix 821 / तोमर
Source of classification or shelving scheme Dewey Decimal Classification
Classification part 821
Call number suffix तोमर
Holdings
Withdrawn status Lost status Damaged status Not for loan Home library Current library Date acquired Cost, normal purchase price Total Checkouts Full call number Barcode Date last seen Copy number Uniform Resource Identifier Cost, replacement price Price effective from Koha item type
        D.B.Act.Division D.B.Act.Division   200.00   821 तोमर HN-55394 15/09/2008 1 12668 200.00 15/09/2008 Hindi Books

© Delhi Public Library
Hit Counter
free hit counter